000 00434nam a2200193Ia 4500
005 20240823051230.0
008 240823s9999||||xx |||||||||||||| ||und||
020 _a81-7130-554-7
041 _aMALAYALAM
082 _A894.8123 Q1
100 _aRamanunni K P
245 0 _aCharamavarshikam
250 _a1st
260 _c2011
_b"D C Books,Kot"
500 _aYES
650 _aNovel
_bEnglish
942 _cBK
999 _c219102
_d219102